000 00536nam a2200181 a 4500
005 20230531063723.0
008 991125 1989 mx 000 0 spa u
020 _a9686173897
035 _aUPN01000054720
049 _aCG
050 4 _aF1346
_bS65
245 0 0 _aSonora :
_btextos de su historia /
_ccomp. Mario Cuevas Arámburu.
260 _aMéxico :
_bGobierno del Estado de Sonora :
_bInstituto Mora,
_c1989.
300 _a3 v.
651 4 _aSonora
_xHistoria
_914970
700 1 _aCuevas Arámburu, Mario,
_ecomp.
905 _aLibro
999 _c54720
_d54720